Catálogo

BIBLIOGRAFIA DE SILVIO ZAVALA (Registro nro. 23408)

Detalles MARC
000 -LEADER
fixed length control field 00420nam a2200169 a 4500
001 - CONTROL NUMBER
control field 23408
005 - DATE AND TIME OF LATEST TRANSACTION
control field 20180713221454.0
008 - FIXED-LENGTH DATA ELEMENTS--GENERAL INFORMATION
fixed length control field 140415s1993 mx 000 0 spa d
020 ## - INTERNATIONAL STANDARD BOOK NUMBER
International Standard Book Number 9686664717
041 ## - LANGUAGE CODE
Language code of text/sound track or separate title spa
082 ## - DEWEY DECIMAL CLASSIFICATION NUMBER
Classification number 012
Item number BIB
245 00 - TITLE STATEMENT
Title BIBLIOGRAFIA DE SILVIO ZAVALA
250 ## - EDITION STATEMENT
Edition statement 2a ed.
260 ## - PUBLICATION, DISTRIBUTION, ETC.
Place of publication, distribution, etc. MEXICO :
Name of publisher, distributor, etc. EL COLEGIO NACIONAL,
Date of publication, distribution, etc. 1993
300 ## - PHYSICAL DESCRIPTION
Extent 147
650 14 - SUBJECT ADDED ENTRY--TOPICAL TERM
Topical term or geographic name entry element BIBLIOGRAFIAS
Existencias
Withdrawn status Lost status Source of classification or shelving scheme Damaged status Not for loan Collection code Home library Current library Shelving location Date acquired Source of acquisition Inventory number Total Checkouts Full call number Barcode Date last seen Price effective from Koha item type
    Dewey Decimal Classification     General Biblioteca Karol Wojtyla Biblioteca Karol Wojtyla Sala general 03/12/2013 Compra 151000000000000000059618   012 BIB 1993 90097 05/01/2026 18/08/2014 Libro
    Dewey Decimal Classification     General Biblioteca Karol Wojtyla Biblioteca Karol Wojtyla Sala general 03/12/2013 Compra 151000000000000000059617   '012 BIB 44220 05/01/2026 03/12/2013 Libro